Late Ramesside letters /

Bibliographic Details
Main Author: Wente, Edward Frank, 1930-
Format: Book
Language:English
Published: Chicago : University of Chicago Press, 1967.
Series:Studies in ancient oriental civilization ; no. 33.
Subjects:

MARC

Tag First Indicator Second Indicator Subfields
LEADER 00000cam a22000001 4500
001 in00000017380
005 20151007053537.0
008 731212s1967 ilu b 00010 eng
010 |a  66022769  
035 |a (OCoLC)01175703 
035 |9 AAB2014AM 
040 |a DLC  |c DLC  |d m.c.  |d m/c  |d TXA  |d UtOrBLW 
049 |a TXAM  |c [A11103606] 
050 0 0 |a CB251  |b .C55 no.33 
082 0 |a 913/.32/031 
100 1 |a Wente, Edward Frank,  |d 1930- 
245 1 0 |a Late Ramesside letters /  |c by Edward F. Wente. 
264 1 |a Chicago :  |b University of Chicago Press,  |c 1967. 
300 |a xii, 85 pages ;  |c 24 cm. 
336 |a text  |b txt  |2 rdacontent 
337 |a unmediated  |b n  |2 rdamedia 
338 |a volume  |b nc  |2 rdacarrier 
490 1 |a Studies in ancient oriental civilization,  |v no. 33 
504 |a Bibliographical footnotes. 
600 1 0 |a Černý, Jaroslav,  |d 1898-1970.  |t Late Ramesside letters. 
650 0 |a Egyptian letters. 
830 0 |a Studies in ancient oriental civilization ;  |v no. 33. 
999 |a MARS 
999 f f |s 6f2afd4c-1c96-3cab-8e0e-94ce4fb4c1af  |i f4a73985-dd60-37d4-9bb8-2723665343cc  |t 0 
952 f f |p ric  |a Texas A&M University  |b Rellis Campus  |c Joint Library Facility  |d Remote Storage  |t 0  |e CB251 .C55 no.33  |h Library of Congress classification  |i unmediated -- volume  |m A14811103606 
998 f f |a CB251 .C55 no.33  |t 0  |l Remote Storage